000 00816nam a22002297a 4500
999 _c64082
_d64082
005 20240530110713.0
008 180121s2016 ua a g b 000 0dara d
017 _a2016/27376
_bمصر. دار الكتب
020 _a9789774313793
040 _aEG-CaGPL
_cEG-CaGPL
082 0 4 _221
_a302.14 /
_bا م
100 0 _aالسعيد جمال عثمان
245 1 2 _aالمدخل التربوى للمهارات الحياتية /
_bالسعيد جمال عثمان .
250 _aط.1
260 _aالقاهرة :
_bمؤسسة طيبة للنشر والتوزيع،
_c2016 .
300 _a173 ص. ؛
_c24 سم.
650 0 7 _2qrmak
_aالمهارات الشخصية
650 0 7 _2qrmak
_aالتعلم الذاتى
651 _2qrmak
942 _2ddc
_cBK